Can you guess random 30 Gemstones? Quiz Stats

 Plays Quiz not verified by Sporcle

Score 0/30 Timer 10:00
0 Plays Today
Hint Answer % Correct
Opal
100%
Emerald
85.7%
Amethyst
57.1%
Topaz
57.1%
Jade
57.1%
Pearl
57.1%
Garnet
57.1%
Zircon
57.1%
Beryl
28.6%
Tanzanite
28.6%
Tourmaline
28.6%
Onyx
28.6%
Peridot
28.6%
Citrine
28.6%
Agate
28.6%
Hint Answer % Correct
Jasper
28.6%
Lapis
28.6%
Aquamarine
28.6%
Alexandrite
14.3%
Malachite
14.3%
Spinel
14.3%
Jet
14.3%
Grandidierite
0%
Ammolite
0%
Hackmanite
0%
Mesolite
0%
Selenite
0%
Okenite
0%
Azurite
0%
Apatite
0%

You're not logged in!

Compare scores with friends on all Sporcle quizzes.
OR
Log In

Show Comments

Extras

Created Aug 14, 2019ReportNominate

Top Quizzes Today


Score Distribution

Your Account Isn't Verified!

In order to create a playlist on Sporcle, you need to verify the email address you used during registration. Go to your Sporcle Settings to finish the process.

Report this User

Report this user for behavior that violates our Community Guidelines.

Details: